000 00431nam a2200145Ia 4500
008 151213s9999 xx 000 0 und d
100 _aStatistics Dept. Bangladesh Bank
245 _aAnnual Exports Receipts -2008-009
_cStatistics Dept. Bangladesh Bank
260 _aDhaka
_bBangladesh Bank
_c2008-009
300 _a7305 p.
650 _aReference
650 _aReport
700 _aStatistics Dept. Bangladesh Bank
999 _c3875
_d3875